Động cơ (cơ bản) :Sách hướng dẫn sửa chữa, kiểm tra và bảo trì những hệ thống động cơ ở các phương tiện vận chuyển, xe tải, xe buýt và ô tô - Những nguyên tắc cơ bản về bảo trì

Gespeichert in:
Bibliographische Detailangaben
Format: Buch
Sprache:Vietnamese
Veröffentlicht: Giao Thông Vận tải 2003
Schlagworte:
Tags: Tag hinzufügen
Keine Tags, Fügen Sie den ersten Tag hinzu!
Thư viện lưu trữ: Mạng thư viện Đại học Đà Nẵng
LEADER 01273nam a2200301 a 4500
001 000003233
003 00597
005 20171229145311.0
008 171229s2003 vie
040 |a LSK 
041 0 |a VIE 
082 0 |a 629.25  |b Đô-C 
245 0 0 |a Động cơ (cơ bản) :Sách hướng dẫn sửa chữa, kiểm tra và bảo trì những hệ thống động cơ ở các phương tiện vận chuyển, xe tải, xe buýt và ô tô - Những nguyên tắc cơ bản về bảo trì  |c Lưu Văn Hy, Chung Thế Quang, Nguyên Phước Hậu, Huỳnh Kim Ngân, Đỗ Tấn Dân 
260 |b Giao Thông Vận tải  |c 2003 
300 |a 476 pages  |c 20,5 cm. 
653 |a Động cơ - Phương tiện vận chuyển 
852 |a Phòng Đọc - Phòng Mượn 
901 |a 29 
927 |a Sách tham khảo 
OWN |a LSK 
AVA |a UDN50  |b LSK  |d 629.25 Đô-C  |e check_holdings  |t Error 5003 Not defined in file expand_doc_bib_avail.  |h N  |k 1 
999 |a From the UDN01 
AVA |a UDN50  |b LSK  |d 629.25 Đô-C  |e available  |t Error 5001 Not defined in file expand_doc_bib_avail.  |f 29  |g 0  |h N  |i 5  |k 1 
TYP |a Monograph 
TYP |a Printed language 
980 |a Mạng thư viện Đại học Đà Nẵng